LDR 00902naa#a2200253#i#450# 001 EN\\bibl\124578 005 20260630121633.2 011 ## _a2077-7566 100 ## _a20260629b2026####ek#y0engy0150####ca 101 0# _aRUS 102 ## _aRU 200 1# _aBIDIRECTIONAL RELATIONSHIP BETWEEN PERIODONTITIS AND SOMATIC PATHOLOGY: FROM SYSTEMIC INFLAMMATION TO CLINICAL PROGNOSIS _eJournal article 210 1# _aEkaterinburg _cTIRAZH Publishing House _d2026 215 ## _a10 с. 608 ## _aJournal article _2local 675 ## _aСтоматология. Заболевания ротовой полости и зубов. 616.31 _zRUS 700 #1 _aBrazhnikova _gAnna N. 700 #1 _aDolgalev _gAleksandr Anatol'evich 700 #1 _aEm _gAlexandra V. 700 #1 _aGarus _gYana N. 700 #1 _aLavrinenko _gEkaterina D. 700 #1 _aHeigetyan _gArtur Varazdatovich 700 #1 _aKhorev _gOleg Yu. 856 4# _adental-press.ru _u